000 02076nam a22002537a 4500
003 Uzh_bibl
008 260427b |||||||| |||| 00| 0 ukr d
020 _a5-7775-0176-1
_c0.90
040 _aукр.
041 _2ukr
_aukr
080 _a821(477)
090 _a821(477)
_bН 84
100 _aНосань, Сергій
245 _aВогонь, що спалює дотла
_hТекст
260 _aДніпропетровськ
_bПромінь
_c1989
300 _a238 с.
_fВ опр.
520 _aКнигу сучасного українського письменника складають дві повісті. Автор порушує проблеми морально- етичного формування людської особистості, усвідомлення людиною своїх обов'язків перед сім'єю і суспільством. Серед героїв нових повістей- журналісти, художники, трудівники села. Характери виписано психологічно яскраво, колоритно.Твори відзначаються високим рівнем художньої майстерності: гострота сюжету, ліризм, здоровий гумор, своєрідне композиційне вирішення- роблять їх захоплюючими і цікавими.
521 _aДля широкого кола читачів
546 _aукр.
650 _aЛітературно-художнє видання
_yХХ століття, зокрема повоєнні роки та період суспільних змін
_zПодії розгортаються в Україні, переважно в сільській місцевості та невеликих містах
653 _aВогонь
_aПристрасть
_aКонфлікт
_aДоля
_aЛюдина
655 _aПовісті (соціально-психологічна проза)
_vПовісті
942 _2udc
_cBK
999 _c17537
_d17537